I AM MUSIC - Statistiques

Statistiques générales
  • Ce quiz a été pris 16 fois
  • Le résultat moyen est 10 sur 15
Statistiques - réponses
Question Réponse % Correct
Combien de morceaux supplémentaires y-a-t-il sur cet album 4 (34)
92%
Qui est l'artiste qui compte le plus de featuring sur l'album ? Travis Scott
92%
Combien y-a-t-il de morceaux sur l'album ? 30
83%
Quand est sorti l'album "MUSIC" ? Le 14 mars 2025
83%
Quel est le nom de la version deluxe de l album MUSIC-SORRY 4 DA WAIT
83%
Quel est le premier son a avoir atteint 100 millions de streams ? EVILJORDAN
75%
Quel est le dernier son de l'album ? FOMDJ
75%
Sur quel son, plusieurs passages ont été supprimés ? HBA
75%
"MUSIC" est le meilleur album en Playboi Carti ? Ca dépend de chacun, c 'est un avis subjectif
67%
Quel est le 32ème son de l'album ? 2024
58%
Quel est le 31ème son de l'album ? DIFFERENT DAY
58%
Quel est le 33ème son de l'album ? BACKR00MS
50%
Sur combien de morceaux est Travis Scott ? 4
42%
Quel est l'ancien nom du titre "KPOP" ? KETAMINE
42%
Quand est sortie cette version ? Le 25 mars 2025
42%
Aucun quiz correspondant
Distribution des résultats
% des personnes avec chaque résultat
Percentile par nombre de réponses
Votre historique - résultats
Vous n’avez pas pris ce quiz